| 000 | nam a22 7a 4500 | ||
|---|---|---|---|
| 999 |
_c140286 _d140284 |
||
| 005 | 20180424133011.0 | ||
| 008 | 180424b sp ||||| |||| 00| 0 spa d | ||
| 020 | _a8423128032 | ||
| 050 | 0 | 4 |
_aML1255 _bA95 1985 |
| 100 | 1 | _aAviñoa, Xosé. | |
| 245 | 1 | 3 |
_aLa sinfonía _c/ Xosé Aviñoa. |
| 250 | _a1a ed. | ||
| 260 |
_aBarcelona : _bEdiciones Daimon, _c1985. |
||
| 300 |
_a132 p. : _bil. ; _c18 cm. |
||
| 490 | 0 | _aQué es y en qué consiste. | |
| 505 | 0 | _tOrígenes y evolución histórica. -- Grandes compositores del género. -- Análisis y estructura de la forma. | |
| 650 | 7 |
_2LEMB _aSinfonía _ySiglo XIX |
|
| 942 |
_2lcc _cLIB |
||